| 000 | 00419nam a2200145Ia 4500 | ||
|---|---|---|---|
| 008 | 191201s2000 xx 000 0 und d | ||
| 082 |
_a004.22 _bENA |
||
| 100 | _aENGLANDER, IrV | ||
| 245 | 4 | _aThe Architecture of Computer Hardware and Systems Software: An Information Technology approach | |
| 250 | _a2nd | ||
| 260 |
_aN.Delhi _bJohn wiley and Sons _c2000 |
||
| 300 | _a764 | ||
| 650 | _aB.Tech(CSE) | ||
| 942 |
_2ddc _cBK |
||
| 999 |
_c1648 _d1648 |
||